000 00640nam a2200241Ia 4500
001 27385
005 20240114001002.0
007 ta
008 060523s1933 a g b000 u 465 u
040 _aCotton College,Assam
041 _a465
082 _a824.91
_bSt 81 P
100 _aStrachey, Lytton .
245 0 _aPortraits in Miniature /
_cLytton Strachey.
_hTextual Documents
250 _a1st ed. /
260 _aLondon :
_bChatto & Windus ,
_c1933.
300 _a217p. :
_bill ;
_c17cm .
653 _aEnglish essays-Criticism
653 _aG-English
942 _2ddc
_cBK
999 _c27367
_d27367